Math Subtraction Problems (Integers 1 - 40) - Statistics

General Stats
  • This quiz has been taken 377 times
  • The average score is 10 of 10
Answer Stats
Problem Answer % Correct
40 - 7 = 33
100%
40 - 40 = 0
99%
23 - 8 = 15
99%
29 - 11 = 18
99%
33 - 12 = 21
99%
29 - 4 = 25
99%
38 - 9 = 29
99%
33 - 29 = 4
99%
40 - 35 = 5
99%
37 - 26 = 11
98%
No matching quizzes found
Score Distribution
Percent of People with Each Score
Percentile by Number Answered
Your Score History
You have not taken this quiz